000 00666nam a2200217Ii 4500
003 JO-AjNU
008 230605s9999||||xx |||||||||||||| ||und||
017 _a1973/2796
040 _aJO-AjNU
_bara
_erda
_cJO-AjNU
041 _aara
050 1 4 _aDT124.S4 1973
100 3 _aالشافي، صلاح الدين علي,
_eauthor
_939207
245 0 0 _aالسودان: دراسة جغرافية
250 _aط2
264 3 1 _aالاسكندرية: منشاة المعارف، 1983
300 _a586ص
336 _atext
_btxt
_2rdacontent
337 _aunmediated
_bn
_2rdamedia
338 _avolume
_bnc
_2rdacarrier
650 4 _aالسودان-تاريخ
_939208
999 _aA16539
_c20107
_d20107